00482nam a2200157Ia 450000500170000000800410001708200130005810000190007124500220009026000530011230000150016565000240018094200060020495200990021099900150030920250319021849.0240331s9999 xx 000 0 und d bNASa894 aNaseerudeen, S 0aMaraittalin alagu aColombobMoontravathu Manithan Publicationc2002 aV, 91 p ., aSirugathai thokuthi cL 001040708LaWERCLbWERCLcSSCd2024-03-31l0o 894.811 NASp5930r2024-03-31w2024-03-31yL c3947d3947